La Democratización de América Latina en las tendencias regionales y hemisféricas /

La ponencia se propone abordar la problemática de algunos factores, internos y externos, que inciden en la lucha por la democracia en la historia política reciente de América Latina y el Caribe. Al hacerlo, además de replantear algunos alcances de la categoría democracia que se proyecta con posterid...

Ausführliche Beschreibung

Gespeichert in:
Bibliographische Detailangaben
1. Verfasser: Salinas Figueredo, Darío
Weitere Verfasser: Sader, Emir
Format: Text
Schlagworte:
Tags: Tag hinzufügen
Keine Tags, Fügen Sie den ersten Tag hinzu!

MARC

LEADER 00000 a a2200000 04500
001 11072
003
040
100 |a Salinas Figueredo, Darío  
245 |a La Democratización de América Latina en las tendencias regionales y hemisféricas /  |c Darío Salinas Figueredo, Emir Sader  
520 |a La ponencia se propone abordar la problemática de algunos factores, internos y externos, que inciden en la lucha por la democracia en la historia política reciente de América Latina y el Caribe. Al hacerlo, además de replantear algunos alcances de la categoría democracia que se proyecta con posteridad al predominio de la visión transitológica, que quiere colocar el acento en la experiencia política y económica que se ha venido desarrollando en medio de importantes tendencias y contratendencias, incluso en el terreno estrictamente electoral. Con algún grado de reiterabilidad se insiste en la emergencia de un "nuevo mapa político regional". Si hubiera razone para ello, conviene preguntarse cuáles son los énfasis analíticos que demanda ese "mapa", tanto para la comprensión de los procesos como para evaluar su contenido democratizador desde el punto de vista del impacto en las relaciones hemisféricas, especialmente consideradas estas desde aquellos criterios que se relacionan con la actual política estadounidense hacia la región, tanto en asuntos comerciales como de seguridad  
650 |a DEMOCRACIA  
650 |a GOBERNABILIDAD  
650 |a POLITICA  
650 |a AMERICA LATINA  
700 |a  Sader, Emir  
773 |g volumen 8, número 23; páginas 163-181  
999 |c 30066  |d 30066